Just The Two Of Us - Grover Washington Jr. - All Lyrics - Statistics

General Stats
  • This quiz has been taken 130 times
  • The average score is 435 of 485
Answer Stats
Answer % Correct
I
99%
Just
98%
(Just
98%
just
98%
of
98%
the
98%
The
98%
them
98%
two
98%
us
98%
us)
98%
it
97%
We
97%
we
97%
make
95%
try
95%
can
94%
And
93%
and
93%
And,
93%
if
92%
you
92%
You
92%
all
90%
when
89%
When
89%
to
88%
fall
85%
see
85%
be
84%
in
84%
beauty
82%
raindrops
82%
time
80%
with
80%
crystal
78%
some
78%
want
78%
come
77%
sun
77%
through
77%
think
76%
sky
73%
those
73%
shining
72%
spend
72%
comes
70%
my
70%
mind
68%
is
67%
for
65%
rainbows
65%
castles
64%
sometime
64%
no
63%
go
61%
who
61%
Building
59%
too
59%
hear
56%
on
56%
know
55%
love,
55%
don't
53%
wait,
53%
wait
53%
that
52%
late
49%
not
49%
Good
47%
gotta
47%
tears
47%
things
45%
look
44%
window
44%
down
43%
hall,
41%
one
41%
flowers
40%
morning
40%
grow
36%
high
35%
Wasted
35%
dew
34%
might
34%
water's
32%
way
31%
get
27%
darling,
26%
big
25%
baby!
23%
becomes
23%
together,
22%
Let’s
17%
No matching quizzes found
Score Distribution
Percent of People with Each Score
Percentile by Number Answered
Your Score History
You have not taken this quiz